Top 50 Mexican Cities by Population Quiz Stats

 Plays Quiz not verified by Sporcle

Score 0/50 Timer 08:00
0 Plays Today
State Answer % Correct
Distrito FederalMexico City
96.4%
Baja CaliforniaTijuana
92.8%
JaliscoGuadalajara
91.8%
Nuevo LeonMonterrey
89.2%
PueblaPuebla
88.5%
ChihuahuaJuarez
84.2%
GuanajuatoLeon
82.1%
Quintana RooCancun
81%
VeracruzVeracruz
81%
ChihuahuaChihuahua
79.2%
GuerreroAcapulco
76.7%
Baja CaliforniaMexicali
73.5%
San Luis PotosiSan Luis Potosi
72.4%
YucatanMerida
71.7%
AguascalientesAguascalientes
71.3%
DurangoDurango
68.8%
QueretaroQueretaro
67.7%
MexicoEcatepec
65.6%
SonoraHermosillo
60.6%
TamaulipasNuevo Laredo
59.1%
MexicoToluca
58.1%
CoahuilaTorreon
54.8%
JaliscoZapopan
53.4%
CoahuilaSaltillo
51.6%
MexicoNezahualcoyotl
50.5%
State Answer % Correct
MichoacanMorelia
50.5%
SinaloaCuliacan
49.8%
TamaulipasReynosa
48.7%
TamaulipasMatamoros
48.4%
TabascoVillahermosa
45.9%
SinaloaMazatlan
45.5%
VeracruzXalapa
44.4%
ChiapasTuxtla Gutierrez
41.6%
Nuevo LeonGuadalupe
40.1%
MexicoNaucalpan
38.4%
MorelosCuernavaca
37.3%
NayaritTepic
36.2%
GuanajuatoCelaya
34.4%
GuanajuatoIrapuato
34.1%
MexicoTlalnepantla
32.6%
MexicoChimalhuacan
29%
JaliscoTlaquepaque
29%
JaliscoTonala
27.2%
Nuevo LeonSan Nicolas de los Garza
26.5%
Nuevo LeonCiudad Apodaca
26.2%
Nuevo LeonGeneral Escobedo
24.7%
MexicoIxtapaluca
24.7%
MexicoXico
21.9%
MexicoCuautitlan Izcalli
19%
MexicoCiudad Lopez Mateos
18.6%

You're not logged in!

Compare scores with friends on all Sporcle quizzes.
OR
Log In

Sporcle TV

Today on Sporcle TV


Watch our educational content, quiz creation guides, and fun videos on Sporcle TV.

Show Comments

Extras

Top Quizzes Today


Score Distribution

Your Account Isn't Verified!

In order to create a playlist on Sporcle, you need to verify the email address you used during registration. Go to your Sporcle Settings to finish the process.

Report this User

Report this user for behavior that violates our Community Guidelines.

Details: